Leopoldo Alas, crítico literario

Gardado en:
Detalles Bibliográficos
Autor Principal: Beser, Sergio
Formato: Libro
Idioma:Undetermined
Publicado: Madrid, España Gredos 1968
Materias:
Etiquetas: Engadir etiqueta
Sen Etiquetas, Sexa o primeiro en etiquetar este rexistro!

MARC

LEADER 00000nam a2200000Ia 4500
008 170316s9999 xx 000 0 und d
040 |a cru BVZT 
090 |a 862 B-15L 
100 |a Beser, Sergio  |9 944 
245 |a Leopoldo Alas, crítico literario  |c / Sergio Beser 
260 |a Madrid, España  |b Gredos  |c 1968 
300 |a 371 páginas 
650 |a LITERATURA ESPAÑOLA  |9 23 
650 |a LITERATURA ESPAÑOLA-S.XIX  |9 945 
650 |a LEOPOLDO ALAS  |9 946 
650 |a CRÍTICA  |9 583 
999 |c 4663  |d 4663 
942 |c 15 D  |h 862 B-15L  |2 z